01767nam a22002657a 450000500170000001000150001702000260003203500130005803700130007104300120008408200150009610000170011124500730012826000390020127000780024030000200031850000670033850503770040552004480078265000590123065000590128965000590134865000460140765000480145320160606125251.0 aENG-115196 a9789351502616c695.00 aEN-98728 bDBAD/PUB aa-ii---00a954.082231 aHasan, Tariq10aColonialism and the call to Jihad in British India /cby Tariq Hasan aNew DelhibSAGE Publicationsc2015 aB1/I-1 Mohan Cooperative Industrial Area, Mathura RoadbNew Delhie110044 a214p.c23cm(Hb) aIncludes bibliographical references (pages 204-207) and index.0 aIntroduction: Forgotten pages from Indian history -- Empire and 19th century Jihad -- The Maulvi of Faizabad and the battle for Lucknow -- The Deoband connection : revolt and revivalism -- Deoband and the roots of the Khilafat movement -- The Silk Conspiracy Case, 1914-1916 -- The Ulema and the partition of India -- Conclusion: Colonialism and Jihad in the 21st century.2 a"Over a period of time, the role of Muslim religious leaders in the Indian independence movement has been forgotten; and this work is a timely reminder. The book focuses on the current debate around different interpretations of Jihad. It debunks extremists' interpretation of Jihad, and recalls how Indian Muslim clerics in fact used this idea to fight and, in some cases, lead the freedom struggle against the British"--Provided by publisher. 0aMuslimszIndiaxPolitics and governmenty19th century. 0aMuslimszIndiaxPolitics and governmenty20th century. 0aReligious leadersxPolitical activityzIndiaxHistory. 0aJihadxPolitical aspectszIndiaxHistory. 0aAnti-imperialist movementszIndiaxHistory.